Islam and revolution : (Record no. 9445)
[ view plain ]
| 000 -LEADER | |
|---|---|
| fixed length control field | 00935nac a22002531u 4500 |
| 010 ## - LIBRARY OF CONGRESS CONTROL NUMBER | |
| LC control number | 80024032 |
| 020 ## - INTERNATIONAL STANDARD BOOK NUMBER | |
| International Standard Book Number | 0710300980 |
| 020 ## - INTERNATIONAL STANDARD BOOK NUMBER | |
| International Standard Book Number | 0710300980 |
| 082 00 - DEWEY DECIMAL CLASSIFICATION NUMBER | |
| Classification number | 297.820955 |
| Item number | ALG |
| 090 ## - LOCALLY ASSIGNED LC-TYPE CALL NUMBER (OCLC); LOCAL CALL NUMBER (OCLC) | |
| -- | 9445 |
| -- | 9445 |
| 100 ## - MAIN ENTRY--PERSONAL NAME | |
| Personal name | Khomeini, Ruhollah. |
| 245 10 - TITLE STATEMENT | |
| Title | Islam and revolution : |
| Remainder of title | writings and declarations of Imam Khomeini / |
| Statement of responsibility, etc | translated and annotated by Hamid Algar. |
| 260 ## - PUBLICATION, DISTRIBUTION, ETC. (IMPRINT) | |
| Place of publication, distribution, etc | Berkeley, [Calif.] : |
| Name of publisher, distributor, etc | Mizan Press,1981 |
| Date of publication, distribution, etc | c1981. |
| 300 ## - PHYSICAL DESCRIPTION | |
| Extent | 460 p. ; |
| Dimensions | 23 cm. |
| 500 ## - GENERAL NOTE | |
| General note | distributer: AL-Ahram |
| 504 ## - BIBLIOGRAPHY, ETC. NOTE | |
| Bibliography, etc | Includes bibliographical references and index. |
| 511 ## - PARTICIPANT OR PERFORMER NOTE | |
| Participant or performer note | catalogued by: wessam |
| 650 #0 - SUBJECT ADDED ENTRY--TOPICAL TERM | |
| Topical term or geographic name as entry element | Islam and state |
| Geographic subdivision | Iran. |
| 650 #0 - SUBJECT ADDED ENTRY--TOPICAL TERM | |
| Topical term or geographic name as entry element | Shiites. |
| 651 #0 - SUBJECT ADDED ENTRY--GEOGRAPHIC NAME | |
| Geographic name | Iran |
| General subdivision | Politics and government |
| Chronological subdivision | 1941-1979. |
| 700 1# - ADDED ENTRY--PERSONAL NAME | |
| Personal name | Algar, Hamid. |
| 942 ## - ADDED ENTRY ELEMENTS (KOHA) | |
| Item type | Book - Borrowing |
| Call number prefix | 297.820955 ALG |
| Withdrawn status | Item status | Damaged status | Not for loan | Home library | Current library | Shelving location | Date acquired | Source of acquisition | Total Checkouts | Total Renewals | Full call number | Barcode | Date last seen | Date last borrowed | Koha item type |
|---|---|---|---|---|---|---|---|---|---|---|---|---|---|---|---|
| Central Library | Central Library | Lower Floor | 08/05/2013 | Purchase | 8 | 6 | 297.820955 ALG | 000011471 | 15/07/2025 | 08/04/2013 | Book - Borrowing |